Famous Companies by States Quiz - Statistics

General Stats
  • This quiz has been taken 37 times
  • The average score is 12 of 20
Answer Stats
Hint Answer % Correct
Apple California
94%
Hershey's Pennsylvania
94%
Coca Cola Georgia
90%
KFC Kentucky
90%
Amazon Washington
87%
Nike Oregon
84%
Walmart Arkansas
81%
Exxon Mobil Texas
77%
Ben & Jerry's Vermont
77%
Berkshire-Hathaway Nebraska
68%
Publix Florida
65%
L.L. Bean Maine
61%
FedEx Tennessee
58%
Best Western Arizona
48%
Verizon New York
45%
Albertson's Idaho
32%
Lowe's North Carolina
26%
Century Link Louisiana
23%
Sonoco South Carolina
23%
Synchrony Connecticut
10%
No matching quizzes found
Score Distribution
Percent of People with Each Score
Percentile by Number Answered
Your Score History
You have not taken this quiz